[Event "102 ème open FIDE Club 608"]
[Site "Paris"]
[Date "2008.07.30"]
[Round "5.5"]
[White "Hassine, Daniel"]
[Black "Strugnell, Carl"]
[Result "1-0"]
[WhiteElo "2031"]
[BlackElo "2194"]
[PlyCount "140"]
[EventDate "2008.07.26"]
[EventRounds "9"]
[EventCountry "FRA"]
[SourceDate "2008.08.06"]

1. d4 Nf6 2. Nf3 g6 3. c4 Bg7 4. g3 O-O 5. Bg2 d5 6. cxd5 Nxd5 7. O-O Nc6 8. e4
Nb6 9. d5 Na5 10. Nc3 c6 11. Bf4 cxd5 12. exd5 Nac4 13. Qe2 Nxb2 14. Qxb2 Na4
15. Nxa4 Bxb2 16. Nxb2 Qxd5 17. Rfe1 Qb5 18. Nd1 Re8 19. Nc3 Qa5 20. Rac1 f6
21. Nd4 Rd8 22. Nb3 Qa3 23. Nd5 Kf7 24. Rc7 Rd7 25. Rxd7 Bxd7 26. Rxe7+ Qxe7
27. Nxe7 Kxe7 28. Bxb7 Re8 29. Be3 Kd6 30. Bxa7 Re2 31. Kg2 Rxa2 32. Bc5+ Kc7
33. Bd5 Ra6 34. Be7 Be6 35. Bxe6 Rxe6 36. Bc5 Kd8 37. Kf3 Ke8 38. Bd4 Kf7 39.
Nc5 Rd6 40. Ke3 f5 41. Nd3 Rd5 42. h4 Rb5 43. Ne5+ Ke6 44. Nf3 Rb3+ 45. Ke2 Kd5
46. Bg7 Rb7 47. Bc3 Rc7 48. Kd3 Ra7 49. Ng5 Re7 50. Nh3 Re4 51. h5 gxh5 52.
Nf4+ Kd6 53. Nxh5 Ra4 54. f4 Ra7 55. Ng7 Rf7 56. Kd4 Rxg7 57. Be1 h5 58. Ke3
Kd5 59. Kf3 Kd4 60. Ba5 Kd3 61. Bd8 Kd2 62. Kg2 Ke2 63. Bg5 Rd7 64. Bf6 Rd2 65.
Kh3 Kf3 66. Kh4 Rg2 67. Kxh5 Rxg3 68. Bg5 Rg4 69. Kg6 Rxf4 70. Kf6 Kg4 1-0